000 00361nam a2200169Ia 4500
100 _aSharkawi/M.A
650 _aElectric drives
942 _cBK
366 _f17.5
654 _adrives
245 _aFundamentals of Electric Drives
260 _bCengage Learning
_c2000
082 _a621.46/SHA
_bSHA
300 _a314
546 _aENGLISH
999 _c27259
_d27259